| 000 | 00808 a2200253 4500 | ||
|---|---|---|---|
| 001 | 16773 | ||
| 999 |
_c16773 _d12228 |
||
| 003 | TR-AnTOB | ||
| 005 | 20190509190019.0 | ||
| 008 | 041102s1992 tu tur | ||
| 020 | _a9751604834 | ||
| 035 | _a16773 | ||
| 041 | _atur | ||
| 050 |
_aDS51.I8 _bI48 1992 |
||
| 090 | _aDS51.I8 I48 1992 | ||
| 100 |
_aİlter, Fügen _98121 |
||
| 245 | 0 |
_aBir Anadolu kenti: İskilip / _cFügen İlter. |
|
| 264 | 1 |
_aAnkara : _bAtatürk Kültür, Dil ve Tarih Yüksek Kurumu Türk Tarih Kurumu, _c1992 |
|
| 300 |
_aix, 281 p. : _bill. maps ; _c28 cm. |
||
| 490 | 0 |
_aAtatürk Kültür, Dil ve Tarih Yüksek Kurumu Türk Tarih Kurumu Yayınları; vi. _aDizi-Sayı; 40 |
|
| 500 | _aIncludes bibliographies and index. | ||
| 651 |
_aİskilip (Türkiye) _xGezi ve tanıtım _98122 |
||
| 902 | _a0005764 | ||
| 942 | _cBK | ||